| 000 | 005610000a22001810004500 | ||
|---|---|---|---|
| 003 | MACL | ||
| 005 | 20160402125523.0 | ||
| 008 | 160402b xxu||||| |||| 00| 0 eng d | ||
| 040 |
_aMACL _cMACL |
||
| 041 | _aHindi | ||
| 082 | _a403 | ||
| 100 |
_aडॉ बलदेव वंशी _949995 |
||
| 245 | _aदोहा कोश | ||
| 260 |
_bऐरो पब्लिशर्स एण्ड डिस्ट्रीब्यूटर्स _c2007 _aदिल्ली |
||
| 350 | _a250 | ||
| 650 |
_aDictionary _949997 |
||
| 942 |
_cHIN _k403 _2ddc |
||
| 999 |
_c22441 _d22441 |
||